Normal view
MARC view
- الدولة العثمانية-الحروب ضد الغرب-الاندفاع العثماني
Entry Topical Term
001 - CONTROL NUMBER
- control field: 60809
003 - CONTROL NUMBER IDENTIFIER
- control field: JO-AjAnu
005 - DATE AND TIME OF LATEST TRANSACTION
- control field: 20230606083934.0
008 - FIXED-LENGTH DATA ELEMENTS
- fixed length control field: 230606|| aca||aabn | a|a d
040 ## - CATALOGING SOURCE
- Original cataloging agency: JO-AjAnu
- Transcribing agency: JO-AjAnu
150 ## - HEADING--TOPICAL TERM
- Topical term or geographic name entry element: الدولة العثمانية-الحروب ضد الغرب-الاندفاع العثماني
670 ## - SOURCE DATA FOUND
- Source citation: Work cat.: (JO-AjAnu)31015: تاليف colis, Paul؛ ترجمة يوسف جميل نعيسة, author 60808, الاندفاع العثماني في اوروبا=THE OTTOMAN IMPACT ON EUROPE